Statistics for Quebec Universities

Click here to take the quiz!

General Stats

  • This quiz has been taken 55 times
  • The average score is 10 of 18

Answer Stats

RegionAnswer% Correct
MontréalUniversité du Québec à Montréal (UQAM)
92%
Capitale-NationaleUniversité Laval
92%
EstrieUniversité de Sherbrooke (UdeS)
87%
MontréalUniversité McGill
82%
MontréalUniversité Concordia
74%
MontréalUniversité de Montréal (UdeM)
67%
EstrieUniversité Bishop
62%
Saguenay-Lac-Saint-JeanUniversité du Québec à Chicoutimi (UQAC)
62%
Bas-Saint-LaurentUniversité du Québec à Rimouski (UQAR)
62%
Abitibi-TémiscamingueUniversité du Québec en Abitibi-Témiscamingue (UQAT)
62%
MauricieUniversité du Québec à Trois-Rivières (UQTR)
51%
MontréalÉcole des Hautes Études Commerciales (HEC)
49%
MontréalPolytechnique
49%
OutaouaisUniversité du Québec en Outaouais (UQO)
46%
MontréalÉcole de Technologie Supérieure (ÉTS)
36%
OnlineUniversité TÉLUQ
36%
Capitale-NationaleÉcole Nationale d'Administration Publique (ÉNAP)
13%
Capitale-NationaleInstitut Nationale de la Recherche Scientifique (INRS)
8%

Score Distribution

Percentile by Number Answered

Percent of People with Each Score

Your Score History

You have not taken this quiz